Diseño del sistema de abastecimiento de agua potable y saneamiento en la comunidad el Jícaro, municipio de Estelí, departamento de Estelí
El estudio presenta el diseño del sistema de abastecimiento de agua potable mediante un mini acueducto por bombeo eléctrico y saneamiento para la comunidad El Jícaro, municipio de Estelí, departamento de Estelí. La población beneficiaria del proyecto para un período de diseño de 20 años es...
| Main Authors: | , , |
|---|---|
| Other Authors: | |
| Format: | Tesis Section = Libro |
| Language: | Undetermined Spanish |
| Published: |
Managua
UNI
2022
|
| Subjects: |
| LEADER | 01268nam a2200289Ia 4500 | ||
|---|---|---|---|
| 008 | 240830s9999 xx 000 0 und d | ||
| 040 | |a BIBLIOTECA-RUPAP/ Mon 628.72 Q7 | ||
| 041 | |a spa | ||
| 082 | |a Mon 628.72 Q7 | ||
| 100 | 1 | |a Quintero Paz, Deborah Fernanda | |
| 100 | 1 | |b Rizo Sobalvarro, Mercedes Odilí | |
| 100 | 1 | |c Gómez Castro, Morena Guadalupe | |
| 245 | 1 | 0 | |a Diseño del sistema de abastecimiento de agua potable y saneamiento en la comunidad el Jícaro, municipio de Estelí, departamento de Estelí |
| 260 | |a Managua |b UNI |c 2022 | ||
| 300 | |a 163 p. :il. | ||
| 500 | |a Contiene: anexos y CD. | ||
| 502 | |a Tesis (Ingeniero Civil) - UNI, 2022. | ||
| 520 | 3 | |a El estudio presenta el diseño del sistema de abastecimiento de agua potable mediante un mini acueducto por bombeo eléctrico y saneamiento para la comunidad El Jícaro, municipio de Estelí, departamento de Estelí. La población beneficiaria del proyecto para un período de diseño de 20 años es de 1188 habitantes. | |
| 650 | 7 | |a AGUA POTABLE | |
| 650 | 7 | |b ABASTECIMIENTO DE AGUA | |
| 650 | 7 | |c CALIDAD DEL AGUA | |
| 650 | 7 | |d CONSUMO DE AGUA | |
| 650 | 7 | |e SANEAMIENTO | |
| 700 | 1 | |a Tutor: |b Chow Zúniga, Juan Leonardo | |
| 942 | |c BK |2 ddc | ||
| 991 | |a Tesis | ||
| 999 | |c 27681 | ||